[Event "Metz op"]
[Site "Metz FRA"]
[Date "2010.04.11"]
[Round "1"]
[White "Claverie, Christophe"]
[Black "Spraggett, Kevin"]
[Result "1/2-1/2"]
[WhiteElo "2345"]
[BlackElo "2580"]
[PlyCount "57"]
[EventDate "2010.04.10"]
[EventType "swiss"]
[EventRounds "9"]
[EventCountry "FRA"]
[Source "ChessBase"]
[SourceDate "2010.07.02"]

1. e4 {01h30} Nf6 2. e5 Nd5 3. d4 d6 4. c4 Nb6 5. exd6 exd6 {01h20} 6. Nc3 Nc6
7. Be3 Be7 8. Be2 O-O 9. b3 Bf5 {01h15} 10. Nf3 Bf6 11. Rc1 {60mns} Re8 12. d5
{Probablement une nouveauté trouvée sur l'échiquier car le français a réfléchi
18 mns sur ce coup} Ne7 13. O-O Ng6 14. Qd2 Bg4 15. Nd4 $1 Bxe2 16. Ncxe2 $14
Nd7 17. Ng3 Nc5 {51 mns} 18. Ndf5 {36"} Ne4 {41mns} 19. Nxe4 Rxe4 20. Rfe1 Qd7
{(=)  Le signe que le GMI n'aime pas trop sa position et le MI va d'ailleurs
refuser la proposition.} 21. Ng3 Rh4 {Assez risqué} 22. Bg5 Bxg5 23. Qxg5 Re8
24. Re3 $6 (24. Rxe8+ $142 Qxe8 25. Qd2) 24... Rd4 25. Qf5 Qd8 26. h3 (26.
Rxe8+) 26... Rxe3 27. fxe3 Rd2 28. Rc2 Rxc2 29. Qxc2 1/2-1/2

[Event "Metz op"]
[Site "Metz FRA"]
[Date "2010.04.15"]
[Round "2"]
[White "Spraggett, Kevin"]
[Black "Donchenko, Anatoly"]
[Result "1/2-1/2"]
[WhiteElo "2580"]
[BlackElo "2395"]
[PlyCount "58"]
[EventDate "2010.04.10"]
[EventType "swiss"]
[EventRounds "9"]
[EventCountry "FRA"]
[Source "ChessBase"]
[SourceDate "2010.07.02"]

1. e4 c5 2. Nf3 d6 3. d4 cxd4 4. Nxd4 Nf6 5. Nc3 a6 6. Be2 {
la vieille ligne qui était populaire dans les années 80} e5 (6... e6) 7. Nb3 (
7. Nf3) 7... Be7 8. O-O Nbd7 $5 (8... O-O {la grande ligne}) 9. Re1 $5 {
Une nouveauté dans cet ordre de coups mais la partie va retrouver les chemins
de la théorieensuite} ({RR} 9. Be3 Qc7 10. f3 b5 11. a4 b4 12. Nd5 Nxd5 13.
Qxd5 Rb8 14. Rfc1 Nc5 15. Nxc5 dxc5 16. Qd3 O-O 17. c4 Rb6 18. b3 Rg6 19. Kh1
Rd8 20. Qc2 Bg5 21. Bxg5 Rxg5 22. Rd1 Rd4 23. Rxd4 exd4 {
Romero,R-Rossolimo,N/Havana 1952/MCD/1/2-1/2 (38)}) ({RR} 9. a4 b6 ({RR} 9...
O-O 10. f4 b6 11. Bd3 Bb7 12. Qe2 Re8 13. Kh1 Qc7 14. Bd2 Bf8 15. Qf3 Rac8 16.
Rae1 exf4 17. Bxf4 Ne5 18. Qd1 Nfd7 19. Nd4 Nc5 20. Bxe5 dxe5 21. Nf5 Nxd3 22.
cxd3 Re6 23. Ne3 Qd7 24. Rf3 {
Gligoric,S-Djurasevic,B/Zagreb 1953/MCD/1/2-1/2 (57)}) 10. Be3 O-O 11. f3 Qc7
12. Nb1 Nc5 13. c4 Be6 14. Nc3 Nxb3 15. Qxb3 Nd7 16. Nd5 Bxd5 17. cxd5 Nc5 18.
Qc4 a5 19. Ra3 Rfc8 20. g3 Qd8 21. Qb5 Bg5 22. f4 Bf6 23. Bg4 Rcb8 {
Milic,B-Janosevic,D/Zagreb 1953/MCD/1/2-1/2 (47)}) 9... O-O 10. Bf1 (10. a4)
10... b6 (10... b5 11. a4 $1 b4 12. Nd5 Nxd5 13. exd5 $14 {
Geller,E-Movsziszian,K/Dortmund op-A 1992 (9)/1-0}) 11. Nd5 Nxd5 12. exd5 f5
$132 13. c4 Nc5 14. Nd2 a5 15. b3 Bf6 16. Bb2 Bd7 17. a3 Qb8 18. Rb1 b5 19. b4
axb4 20. axb4 Na4 $17 21. Ba1 Rc8 22. g3 bxc4 23. Nxc4 Bb5 24. Na5 (24. Nxd6 $1
Qxd6 (24... Bxf1 25. Nxc8 Bh3 26. Rc1) 25. Bxb5 Nc3 26. Bxc3 Rxc3 27. Bc6 $40)
24... Bxf1 25. Rxf1 Qb5 26. Qb3 Nb6 27. Rfd1 Kf7 28. Bc3 g6 29. Be1 Rc7 1/2-1/2

[Event "Metz op"]
[Site "Metz FRA"]
[Date "2010.04.15"]
[Round "3"]
[White "Spraggett, Kevin"]
[Black "Brunner, Nicolas"]
[Result "1/2-1/2"]
[WhiteElo "2580"]
[BlackElo "2420"]
[PlyCount "64"]
[EventDate "2010.04.10"]
[EventType "swiss"]
[EventRounds "9"]
[EventCountry "FRA"]
[Source "ChessBase"]
[SourceDate "2010.07.02"]

1. e4 {01h30} c5 2. Nf3 d6 3. d4 cxd4 4. Nxd4 Nf6 5. Nc3 a6 6. Bg5 e6 7. f4 Qb6
8. Nb3 {01h28} (8. Qd2 {La grande ligne}) 8... Qc7 {Une ligne rare et un peu
douteuse mais qui a eu le mérite de plonger le GMI dans une longue réflexion} (
8... Nbd7) (8... Be7) (8... Nc6 {RR} 9. Qf3 Be7 10. O-O-O O-O 11. Bxf6 Bxf6 12.
Rxd6 a5 13. a4 Qb4 14. e5 Be7 15. Rd2 f6 16. Bd3 g6 17. Qg3 fxe5 18. fxe5 Bh4
19. Qe3 Qg4 20. Qe2 Qxe2 21. Rxe2 Rf2 22. Rxf2 Bxf2 23. Ne4 Be3+ {
Nataf,I (2526)-Sutovsky,E (2609)/New Delhi/Teheran 2000/CBM 080/1/2-1/2 (41)})
9. Be2 {01h13} (9. Bxf6 {Liss,E-Dao Thien Hai/Budapest FS06 GM 1995 (10)/1-0})
9... Be7 10. Qd2 $146 {01h06} (10. Bf3 $142 h6 11. Bh4 g5 12. fxg5 Nfd7 13. Qd2
Ne5 14. O-O-O $32 {Krakops,M-Roeder,M/Groningen op 1995/1-0}) 10... h6 {
01h24  Le MI a joué rapidement l'ouverture et il devait probablement encore
suivre sa préparation} 11. Bxf6 Bxf6 12. O-O-O {01h07} Be7 {01h18  Les Noirs
ont la paire de B mais au détriment d'un sérieux retard de développement} 13.
h4 $5 (13. Bf3 $5 Nc6 (13... b5) 14. g4 b5 15. Kb1 Bb7 (15... b4) 16. h4) 13...
b5 {01h13} 14. Bf3 (14. g4 b4 15. Na4 $5 Nc6) 14... b4 (14... Nc6) 15. Ne2 {57"
} Nc6 {01h01} 16. Kb1 {50"} a5 $1 $132 {Le GMI a évité la variante du P
empoissoné en jouant Nb3 en réponse à Qb6 mais ce coup ne présente pas que des
avantages!} 17. Nbd4 {47"} Bd7 18. g4 {46"} (18. Nb5 {
Pourquoi ne pas prendre le P?} Qb8 19. Nxd6+ Bxd6 20. Qxd6 Qxd6 21. Rxd6) 18...
Nxd4 (18... Rc8 19. g5 a4 20. f5 e5) 19. Nxd4 Rb8 20. g5 a4 (20... h5) 21. f5
e5 22. Ne2 d5 23. Ng3 (23. Qxd5 b3 $1 24. axb3 axb3 $44) 23... d4 24. Nh5 Bf8 {
Laisse un temps de répit important} (24... b3 $142 $1 25. axb3 axb3 $40) 25. f6
g6 26. Ng7+ Kd8 27. h5 hxg5 28. hxg6 Rxh1 29. Rxh1 fxg6 30. Bd1 (30. Qxg5 $142
b3) 30... Qc6 31. Qxg5 Qxe4 32. Rh8 Kc7 $17 {
Suite illisible et nulle au 41ème coup} 1/2-1/2

[Event "Metz op"]
[Site "Metz FRA"]
[Date "2010.04.16"]
[Round "4"]
[White "Benitah, Yohan"]
[Black "Spraggett, Kevin"]
[Result "1/2-1/2"]
[WhiteElo "2377"]
[BlackElo "2580"]
[PlyCount "61"]
[EventDate "2010.04.10"]
[EventType "swiss"]
[EventRounds "9"]
[EventCountry "FRA"]
[Source "ChessBase"]
[SourceDate "2010.07.02"]

1. d4 Nf6 {01h30} 2. c4 g6 3. Nc3 Bg7 4. e4 d6 5. f3 O-O 6. Bg5 (6. Be3) 6...
c5 7. d5 e6 8. Nge2 (8. Qd2) 8... h6 9. Be3 exd5 10. cxd5 Re8 (10... a6) 11.
Qd2 Nbd7 {84} (11... h5) 12. a4 (12. Nc1 {RR} Ne5 13. Be2 h5 14. O-O Nh7 15. f4
Ng4 16. Bxg4 Bxg4 17. h3 Bd7 18. N1e2 Rc8 19. f5 b5 20. a3 a5 21. fxg6 fxg6 22.
Nf4 b4 23. axb4 axb4 24. Nd1 Bb5 25. Re1 Nf8 26. Nf2 Ra8 27. Qc2 {
Sokolov,I (2630)-Marin,M (2525)/Manila 1992/TD/1-0 (52)}) 12... Nh7 $146 ({RR} 
12... Ne5 13. Nc1 Nh5 14. Be2 Qh4+ 15. Bf2 Qg5 16. g3 Qxd2+ 17. Kxd2 Bh3 18.
Re1 Bg2 19. f4 Nf3+ 20. Bxf3 Bxf3 21. Nb3 Nf6 22. Kd3 c4+ 23. Kxc4 Nxe4 24. Nd4
Bg2 25. Nxe4 Bxe4 26. Nb5 Rec8+ 27. Kb4 {
Franic,M (2401)-Popovic,D (2552)/Zadar 2007/CBM 121 Extra/0-1 (41)}) 13. Nf4
Ne5 14. Be2 h5 15. O-O Bd7 {68} 16. Nb5 Qb8 17. Nc3 a6 18. Kh1 (18. a5 $5)
18... Qc7 19. Rfc1 b6 20. b4 $1 c4 21. Ra3 {Un coup bizarre} Nf6 22. Bf1 Rec8
23. Nfe2 h4 24. Nd4 Nh5 {Avec un thème tactique dangereux} 25. b5 (25. Nc6 $1
Nxc6 26. dxc6 Bxc6 27. Bxc4) 25... axb5 26. Ncxb5 Bxb5 27. Nxb5 Qd8 28. Qf2 (
28. Qb4 Ng3+ $1) 28... Qf6 29. Qd2 (29. Bxb6 Nf4 (29... Bh6 30. Rb1 Bf4 31. Be3
Ng3+ $1)) 29... Qd8 30. Qf2 Qf6 31. Qd2 1/2-1/2

[Event "Metz op"]
[Site "Metz FRA"]
[Date "2010.04.15"]
[Round "5"]
[White "Spraggett, Kevin"]
[Black "Hamdouchi, Adina"]
[Result "1-0"]
[WhiteElo "2580"]
[BlackElo "2322"]
[PlyCount "63"]
[EventDate "2010.04.10"]
[EventType "swiss"]
[EventRounds "9"]
[EventCountry "FRA"]
[Source "ChessBase"]
[SourceDate "2010.07.02"]

1. c4 {90} Nf6 2. Nf3 g6 3. Nc3 Bg7 4. e4 O-O 5. d4 c6 6. Be2 (6. Bd3) 6... d5
7. e5 Ne8 (7... Ne4 {La grande ligne}) 8. Be3 ({RR} 8. h4 dxc4 9. h5 c5 10.
hxg6 hxg6 11. d5 Nd7 12. Bf4 b5 13. Qc1 b4 14. Ne4 Nc7 15. Bh6 Bxe5 16. Nxe5
Nxe5 17. Bg7 f6 18. Rh8+ Kxg7 19. Qh6+ Kf7 20. Qh7+ Ke8 21. Rxf8+ Kxf8 22. Qh8+
{1-0 Lupulescu,C (2619)-Nanu,C (2526)/Sarata Monteoru 2011/CBM 140 Extra}) 8...
Nc7 9. Rc1 dxc4 10. Bxc4 Nd5 {Les Noirs ont obtenu un bon contrôle de la case
centrale "d5" mais le plan est assez lent et l'aile-dame n'est toujours pas
développée} 11. Qe2 Bg4 12. h3 Nxe3 $6 {
Gagne la paire de B mais le centre fort va bloquer le Bg7} 13. fxe3 $16 {65}
Bxf3 14. Qxf3 c5 $6 15. Qxb7 Nd7 16. Bb5 (16. e6 $1 Nb6 17. exf7+ Kh8 18. Be6
cxd4 19. Ne4 $36) 16... cxd4 17. exd4 Nb6 18. Qe4 {54} f5 (18... f6 $5 19. O-O
fxe5 20. dxe5) 19. Qf4 g5 $1 20. Qf2 e6 21. O-O {43} g4 22. Rcd1 Kh8 (22...
gxh3 23. gxh3 Kh8) 23. hxg4 fxg4 24. Qg3 Rxf1+ 25. Bxf1 h5 26. Ne4 $1 {
Les pièces mineures Blanches sont nettement plus actives} Nd7 (26... Nd5) 27.
Nd6 $40 Qe7 28. Qh2 h4 29. Qf4 $18 g3 30. Bc4 Rf8 31. Qg4 Bh6 32. Bxe6 1-0

[Event "FRA-Tch Nationale I 2009-10"]
[Site "FRA"]
[Date "2009.11.21"]
[Round "4.1"]
[White "Pham Minh Hoang"]
[Black "Spraggett, Kevin"]
[Result "1/2-1/2"]
[WhiteElo "2486"]
[BlackElo "2594"]
[PlyCount "145"]
[EventDate "2009.12.13"]
[EventType "team"]
[EventRounds "11"]
[EventCountry "FRA"]
[Source "ChessBase"]
[SourceDate "2011.11.26"]

1. e4 Nf6 2. e5 Nd5 3. d4 d6 4. Nf3 g6 5. Bc4 c6 6. O-O Bg7 7. exd6 Qxd6 8. Nc3
O-O 9. Qe2 Bg4 10. Ne4 Qc7 11. c3 Nd7 12. Neg5 e6 13. h3 Bxf3 14. Qxf3 b5 15.
Bb3 h6 16. Ne4 f5 17. Ng3 N7f6 18. Re1 Rae8 19. Bd2 Kh8 20. a4 a6 21. Qd3 Re7
22. axb5 axb5 23. Ra6 Qb7 24. Rea1 Rfe8 25. Bd1 Rd7 26. Qc2 e5 27. dxe5 Rxe5
28. Bf3 Rde7 29. h4 h5 30. b3 Kh7 31. c4 bxc4 32. bxc4 Nb4 33. Bxb4 Qxb4 34.
Rxc6 Re1+ 35. Rxe1 Rxe1+ 36. Kh2 Qe7 37. Nxf5 Qe5+ 38. Ng3 Qf4 39. Kh3 Ne4 40.
Qxe4 Rxe4 41. Nxe4 Kh6 42. Ng5 Bf6 43. g3 Qf5+ 44. Kg2 Bxg5 45. hxg5+ Kxg5 46.
Rd6 Kh6 47. Rd5 Qf6 48. c5 h4 49. gxh4 Qxh4 50. c6 Qc4 51. Rd7 Qb5 52. Rd4 Qg5+
53. Rg4 Qc5 54. Be4 g5 55. Rg3 Qc4 56. Re3 g4 57. Kh2 Qf1 58. Kg3 Qh3+ 59. Kf4
Qh2+ 60. Kxg4 Qxf2 61. Rh3+ Kg7 62. c7 Qe2+ 63. Kf4 Qf1+ 64. Kg4 Qe2+ 65. Kg5
Qd2+ 66. Kh5 Qe2+ 67. Kg5 Qd2+ 68. Kh5 Qe2+ 69. Kg5 Qd2+ 70. Kg4 Qe2+ 71. Kg3
Qc4 72. Rh7+ Kf6 73. Kf4 1/2-1/2

[Event "FRA-Tch Nationale I 2009-10"]
[Site "FRA"]
[Date "2009.12.13"]
[Round "7.1"]
[White "Spraggett, Kevin"]
[Black "Mullon, Jean Baptiste"]
[Result "0-1"]
[WhiteElo "2594"]
[BlackElo "2437"]
[PlyCount "126"]
[EventDate "2009.12.13"]
[EventType "team"]
[EventRounds "11"]
[EventCountry "FRA"]
[Source "ChessBase"]
[SourceDate "2011.11.26"]

1. e4 c5 2. Nf3 e6 3. d4 cxd4 4. Nxd4 a6 5. Bd3 Bc5 6. Nb3 Be7 7. Be3 d6 8.
N1d2 Nf6 9. f4 Nbd7 10. Qf3 Qc7 11. g4 h6 12. h4 h5 13. gxh5 Nxh5 14. O-O-O e5
15. f5 b5 16. Kb1 Bb7 17. c4 b4 18. c5 dxc5 19. Nc4 a5 20. Rhg1 a4 21. Nbd2 a3
22. b3 O-O-O 23. Bc2 Bf6 24. Qf2 Nf4 25. Rg4 Ba6 26. Rc1 Kb8 27. Qh2 Rhe8 28.
Qf2 Rc8 29. Qh2 Ka8 30. h5 Nb6 31. Nxb6+ Qxb6 32. Nc4 Bxc4 33. bxc4 Qc7 34. h6
gxh6 35. Qxh6 Qb6 36. Qh2 Rh8 37. Qf2 Rh3 38. Rd1 Rd8 39. Rxd8+ Qxd8 40. Rg1 b3
41. axb3 Bh4 42. Qd2 Qxd2 43. Bxd2 Ne2 44. Rf1 Nd4 45. Bd1 Rh2 46. Bc1 a2+ 47.
Ka1 Bf2 48. Kxa2 Nc6 49. Kb1 f6 50. Bd2 Kb7 51. Kc1 Bd4 52. Bf3 Bb2+ 53. Kd1
Nd4 54. b4 Rh3 55. Be2 Ra3 56. Ke1 cxb4 57. Bd1 Bc3 58. Rh1 Ra2 59. Bxc3 bxc3
60. Rh3 c2 61. Bxc2 Nxc2+ 62. Kd1 Kc6 63. Kc1 Nd4 0-1

[Event "Metz op"]
[Site "Metz FRA"]
[Date "2009.04.12"]
[Round "3"]
[White "Spraggett, Kevin"]
[Black "Bokros, Albert"]
[Result "1-0"]
[WhiteElo "2601"]
[BlackElo "2483"]
[PlyCount "107"]
[EventDate "2009.04.11"]
[EventType "swiss"]
[EventRounds "9"]
[EventCountry "FRA"]
[Source "Mark Crowther"]
[SourceDate "2009.04.27"]

1. c4 e5 2. Nc3 Nf6 3. Nf3 Nc6 4. g3 d5 5. cxd5 Nxd5 6. Bg2 Nb6 7. O-O Be7 8.
a3 a5 9. d3 O-O 10. Be3 Re8 11. Rc1 Bf8 12. Re1 Bg4 13. Nd2 Qd7 14. Bxb6 cxb6
15. Nc4 Ra6 16. Qa4 Bh3 17. Bh1 Qc8 18. e3 Bd7 19. Qc2 Qd8 20. Qe2 Ra8 21. Bd5
Rc8 22. Qf3 Be6 23. Bxe6 Rxe6 24. Red1 g6 25. Qd5 Bg7 26. Qxd8+ Nxd8 27. Nd5
Rcc6 28. a4 Bf8 29. Kf1 f5 30. Ke2 Nf7 31. Rc3 Kg7 32. Rb3 Bc5 33. Rc1 g5 34.
h3 h5 35. g4 fxg4 36. hxg4 h4 37. Rbc3 Bb4 38. R3c2 Rh6 39. Kf3 Kf8 40. Kg2 b5
41. axb5 Rc5 42. e4 Rxb5 43. Nce3 Rc6 44. Rxc6 bxc6 45. Rxc6 Rb8 46. Nf5 Bd2
47. Rc2 Be1 48. Nc7 Rb6 49. Nd5 Rb8 50. Rc7 Bd2 51. Nf6 Rd8 52. Nd7+ Ke8 53.
Nc5 Ra8 54. Ne6 1-0

[Event "Metz op"]
[Site "Metz FRA"]
[Date "2009.04.17"]
[Round "9"]
[White "Spraggett, Kevin"]
[Black "David, Alberto"]
[Result "1-0"]
[WhiteElo "2601"]
[BlackElo "2587"]
[PlyCount "79"]
[EventDate "2009.04.11"]
[EventType "swiss"]
[EventRounds "9"]
[EventCountry "FRA"]
[Source "Mark Crowther"]
[SourceDate "2009.04.27"]

1. e4 e6 2. d4 d5 3. Nc3 Nf6 4. Bg5 Bb4 5. exd5 exd5 6. Qf3 c6 7. Bd3 h6 8.
Bxf6 Qxf6 9. Qxf6 gxf6 10. Nf3 Be6 11. a3 Bxc3+ 12. bxc3 Nd7 13. g3 Nb6 14. a4
Nc8 15. Nh4 Nd6 16. Ng2 Bf5 17. Nf4 h5 18. h4 Kd7 19. a5 Bxd3 20. cxd3 Nb5 21.
Kd2 Nc7 22. Rhb1 Rab8 23. Ng2 Ne6 24. Ne3 Kc7 25. Rb2 Rhe8 26. Nf5 Rg8 27. Re1
Rbe8 28. Re3 Nd8 29. Rf3 Rg6 30. Rb1 Re6 31. Ne3 Re8 32. Rf5 Rh6 33. c4 dxc4
34. dxc4 Ne6 35. Kc3 Ng7 36. Rf3 f5 37. Rd1 Re4 38. d5 f4 39. Kd3 f5 40. Nxf5
1-0

[Event "FRA-Tch Nationale II 2008-09"]
[Site "FRA"]
[Date "2008.11.22"]
[Round "2.1"]
[White "Spraggett, Kevin"]
[Black "Vaugeois, Stephane"]
[Result "1-0"]
[WhiteElo "2597"]
[BlackElo "2095"]
[PlyCount "97"]
[EventDate "2008.12.31"]
[EventType "team"]
[EventRounds "11"]
[EventCountry "FRA"]

1. c4 Nf6 2. Nf3 g6 3. b3 Bg7 4. Bb2 O-O 5. g3 d5 6. Bg2 c5 7. cxd5 Nxd5 8.
Bxg7 Kxg7 9. Qc1 Qd6 10. Nc3 Nxc3 11. Qxc3+ Qf6 12. Ne5 a5 13. O-O a4 14. f4
axb3 15. axb3 Rxa1 16. Rxa1 Na6 17. d4 cxd4 18. Qxd4 Qd6 19. Qxd6 exd6 20. Nc4
Bg4 21. Kf2 Re8 22. h3 Be6 23. Nxd6 Rb8 24. Nxb7 Nb4 25. Nc5 Nc2 26. Ra7 Bxb3
27. Nxb3 Rxb3 28. Bd5 Ra3 29. Rxf7+ Kh8 30. Re7 Rc3 31. h4 Ra3 32. h5 gxh5 33.
Be4 Ne3 34. Rxh7+ Kg8 35. Rxh5 Ng4+ 36. Kg2 Ne3+ 37. Kh3 Nf1 38. Bd3 Ra1 39.
Kg2 Ne3+ 40. Kf3 Nf1 41. g4 Nd2+ 42. Ke3 Nf1+ 43. Kf2 Nd2 44. Rb5 Ra3 45. g5
Kh8 46. f5 Nb3 47. Rb8+ Kg7 48. f6+ Kf7 49. Bc4+ 1-0

[Event "FRA-Tch Nationale II 2008-09"]
[Site "FRA"]
[Date "2008.11.23"]
[Round "3.1"]
[White "Bernard, Christophe"]
[Black "Spraggett, Kevin"]
[Result "0-1"]
[WhiteElo "2364"]
[BlackElo "2597"]
[PlyCount "62"]
[EventDate "2008.12.31"]
[EventType "team"]
[EventRounds "11"]
[EventCountry "FRA"]

1. d4 Nf6 2. Nf3 e6 3. c4 c5 4. d5 exd5 5. cxd5 d6 6. Nc3 g6 7. e4 Bg7 8. h3
O-O 9. Bd3 a6 10. a4 Nh5 11. Bg5 Bf6 12. Be3 Nd7 13. Qd2 Re8 14. O-O Ne5 15.
Be2 Nxf3+ 16. Bxf3 Ng7 17. a5 Bd7 18. Na4 Bb5 19. Rfc1 Be5 20. Nb6 Rb8 21. Rab1
f5 22. b4 fxe4 23. Bxe4 Qh4 24. Bf3 Nf5 25. Bg5 Qd4 26. bxc5 dxc5 27. Qa2 Kg7
28. Rd1 Bd3 29. Rbc1 h6 30. Bd2 Qxf2+ 31. Kxf2 Bd4+ 0-1

[Event "Figueira da Foz op"]
[Site "Figueira da Foz POR"]
[Date "2008.11.30"]
[Round "1"]
[White "Margarido, Ricardo"]
[Black "Spraggett, Kevin"]
[Result "0-1"]
[WhiteElo "1978"]
[BlackElo "2597"]
[PlyCount "72"]
[EventDate "2008.11.30"]
[EventType "swiss"]
[EventRounds "9"]
[EventCountry "POR"]
[Source "Mark Crowther"]
[SourceDate "2008.12.15"]

1. e4 Nf6 2. e5 Nd5 3. d4 d6 4. c4 Nb6 5. exd6 exd6 6. Nc3 Nc6 7. Be3 Be7 8.
Bd3 O-O 9. Nge2 Nb4 10. O-O c6 11. b3 Nxd3 12. Qxd3 d5 13. cxd5 Nxd5 14. Nxd5
Qxd5 15. Nf4 Qf5 16. Rfd1 Qxd3 17. Nxd3 Bf5 18. Rac1 Rfd8 19. f3 f6 20. g4 Bg6
21. Nf4 Ba3 22. Rc3 Bf7 23. Nd3 Bf8 24. Nc5 b6 25. Ne4 Rac8 26. Rcd3 Rd7 27.
Kf2 Rcd8 28. Ke2 Re7 29. Kf2 Bg6 30. Rc3 Re6 31. Ng3 Be8 32. Ne2 Bb4 33. Rc4
Be7 34. d5 Red6 35. Nf4 g5 36. Ne6 Rxe6 0-1

[Event "Figueira da Foz op"]
[Site "Figueira da Foz POR"]
[Date "2008.12.01"]
[Round "3"]
[White "Ravi, Lanka"]
[Black "Spraggett, Kevin"]
[Result "1/2-1/2"]
[WhiteElo "2371"]
[BlackElo "2597"]
[PlyCount "32"]
[EventDate "2008.11.30"]
[EventType "swiss"]
[EventRounds "9"]
[EventCountry "POR"]
[Source "Mark Crowther"]
[SourceDate "2008.12.15"]

1. d4 Nf6 2. Nf3 e6 3. c4 c5 4. d5 exd5 5. cxd5 d6 6. Nc3 g6 7. h3 Bg7 8. e4
O-O 9. Bd3 a6 10. O-O b5 11. a3 Nbd7 12. Bf4 Nb6 13. Qd2 Re8 14. Rfe1 Bb7 15.
Rac1 Rc8 16. Bg5 Nbd7 1/2-1/2

[Event "Figueira da Foz op"]
[Site "Figueira da Foz POR"]
[Date "2008.12.06"]
[Round "8"]
[White "Spraggett, Kevin"]
[Black "Perez, Roland"]
[Result "1-0"]
[WhiteElo "2597"]
[BlackElo "2322"]
[PlyCount "66"]
[EventDate "2008.11.30"]
[EventType "swiss"]
[EventRounds "9"]
[EventCountry "POR"]
[Source "Mark Crowther"]
[SourceDate "2008.12.15"]

1. e4 d5 2. exd5 Qxd5 3. Nf3 Bg4 4. Be2 Nc6 5. d4 O-O-O 6. Be3 Nh6 7. Nbd2 Nf5
8. c4 Qa5 9. O-O Bxf3 10. Nxf3 e5 11. d5 Nxe3 12. fxe3 f6 13. a3 Qb6 14. Qd3
Ne7 15. b4 Qd6 16. e4 c5 17. Kh1 Kb8 18. Nd2 Rc8 19. bxc5 Rxc5 20. Nb3 Ng6 21.
Nxc5 Qxc5 22. Rab1 b6 23. a4 Nf4 24. Qd2 Kc7 25. Bf3 Qd4 26. Qc2 Qd3 27. Qa2
Qa3 28. Qc2 Qd3 29. Qb2 Bc5 30. Qb5 Rc8 31. a5 Kd8 32. axb6 axb6 33. Ra1 Ra8
1-0

[Event "Figueira da Foz op"]
[Site "Figueira da Foz POR"]
[Date "2008.12.07"]
[Round "9"]
[White "Romanishin, Oleg"]
[Black "Spraggett, Kevin"]
[Result "0-1"]
[WhiteElo "2532"]
[BlackElo "2597"]
[PlyCount "71"]
[EventDate "2008.11.30"]
[EventType "swiss"]
[EventRounds "9"]
[EventCountry "POR"]
[Source "Mark Crowther"]
[SourceDate "2008.12.15"]

1. Nf3 Nf6 2. g3 b6 3. d4 Bb7 4. c4 e6 5. Bg2 Bb4+ 6. Bd2 a5 7. O-O O-O 8. Bf4
Be7 9. d5 exd5 10. Nd4 Bc6 11. Nc3 dxc4 12. e4 Bc5 13. Nxc6 dxc6 14. Qxd8 Rxd8
15. Bxc7 Rd7 16. Bf4 Na6 17. a3 h6 18. Bh3 Re7 19. Rad1 Nxe4 20. Nxe4 Rxe4 21.
Bd7 Rd8 22. Bxc6 Red4 23. Rxd4 Bxd4 24. Bb5 Nc5 25. Bc7 Rc8 26. Bxb6 Bxb2 27.
Bxc4 Na4 28. Bxf7+ Kxf7 29. Bxa5 Rc2 30. Rd1 Nc5 31. Bb4 Ne4 32. Rd7+ Ke6 33.
Re7+ Kd5 34. Rd7+ Kc6 35. Rd8 Rxf2 36. Be1 0-1

[Event "FRA-Tch2 North 2008-09"]
[Site "FRA"]
[Date "2009.03.14"]
[Round "8.1"]
[White "Spraggett, Kevin"]
[Black "Roeder, Mathias"]
[Result "1/2-1/2"]
[WhiteElo "2586"]
[BlackElo "2429"]
[PlyCount "63"]
[EventDate "2008.10.19"]
[EventType "team"]
[EventRounds "11"]
[EventCountry "FRA"]
[Source "ChessBase"]
[SourceDate "2009.11.30"]
[WhiteTeam "Gif sur Yvette"]
[BlackTeam "Le Touquet"]
[WhiteTeamCountry "FRA"]
[BlackTeamCountry "FRA"]

1. c4 Nf6 2. Nf3 c5 3. Nc3 e6 4. e3 b6 5. d4 cxd4 6. exd4 Bb4 7. Bd3 Bb7 8. O-O
O-O 9. Bg5 Bxc3 10. bxc3 d6 11. Nd2 Nbd7 12. Re1 Qc7 13. Re3 h6 14. Bf4 Rfe8
15. Rg3 Kf8 16. Rc1 Rad8 17. Bf1 Qc6 18. a4 e5 19. Be3 a5 20. Rb1 Rb8 21. Qc2
Qc7 22. Qb3 Ne4 23. Nxe4 Bxe4 24. Rd1 Bg6 25. Bc1 Kg8 26. Ba3 Re6 27. Re3 Rbe8
28. Rde1 Bh7 29. Qb5 Nf6 30. h3 Nd7 31. Qb3 Kh8 32. Qd1 {suite illisible}
1/2-1/2

[Event "FRA-Tch2 North 2008-09"]
[Site "FRA"]
[Date "2009.03.15"]
[Round "9.1"]
[White "Bauduin, Etienne"]
[Black "Spraggett, Kevin"]
[Result "0-1"]
[WhiteElo "2271"]
[BlackElo "2586"]
[PlyCount "76"]
[EventDate "2008.10.19"]
[EventType "team"]
[EventRounds "11"]
[EventCountry "FRA"]
[Source "ChessBase"]
[SourceDate "2009.11.30"]
[WhiteTeam "Arras"]
[BlackTeam "Gif sur Yvette"]
[WhiteTeamCountry "FRA"]
[BlackTeamCountry "FRA"]

1. c4 e5 2. Nc3 Nc6 3. g3 f5 4. Bg2 Nf6 5. e3 g6 6. Nge2 Bg7 7. d3 O-O 8. Rb1
a5 9. b3 Ne7 10. Ba3 d6 11. O-O c6 12. Qd2 Qc7 13. f4 exf4 14. gxf4 Be6 15. d4
Bf7 16. Rbc1 Rfe8 17. d5 Rad8 18. Bb2 Qd7 19. Ng3 cxd5 20. cxd5 b5 21. a4 b4
22. Nb5 Rc8 23. Bd4 Rxc1 24. Rxc1 Rc8 25. Rxc8+ Nxc8 26. Qb2 Qd8 27. e4 fxe4
28. Nxe4 Nxe4 29. Bxg7 Qh4 30. Qe2 Kxg7 31. Qxe4 Qf6 32. Bh3 Ne7 33. Nc7 Nf5
34. Ne8+ Bxe8 35. Qxe8 Qd4+ 36. Kh1 Qxf4 37. Qe1 Ng3+ 38. Kg1 Qc1 0-1

[Event "BDO Premier"]
[Site "Haarlem NED"]
[Date "2008.08.09"]
[Round "1"]
[White "Spraggett, Kevin"]
[Black "Willemze, Jeroen"]
[Result "1-0"]
[WhiteElo "2601"]
[BlackElo "2420"]
[PlyCount "35"]
[EventDate "2008.08.09"]
[EventType "tourn"]
[EventRounds "9"]
[EventCountry "NED"]
[EventCategory "8"]
[Source "Mark Crowther"]
[SourceDate "2008.08.18"]

1. e4 c6 2. d4 d5 3. Nc3 dxe4 4. Nxe4 Nd7 5. Bc4 Ngf6 6. Ng5 e6 7. Qe2 Nb6 8.
Bd3 h6 9. N5f3 c5 10. Be3 Qc7 11. Ne5 Be7 12. Ngf3 O-O 13. O-O Nbd5 14. Bd2
cxd4 15. Nxd4 Qb6 16. c3 Nd7 17. Nc4 Qa6 18. b4 1-0

[Event "BDO Premier"]
[Site "Haarlem NED"]
[Date "2008.08.10"]
[Round "2"]
[White "Ris, Robert"]
[Black "Spraggett, Kevin"]
[Result "1/2-1/2"]
[WhiteElo "2415"]
[BlackElo "2601"]
[PlyCount "36"]
[EventDate "2008.08.09"]
[EventType "tourn"]
[EventRounds "9"]
[EventCountry "NED"]
[EventCategory "8"]
[Source "Mark Crowther"]
[SourceDate "2008.08.18"]

1. e4 c5 2. c3 b6 3. d4 Bb7 4. Bd3 Nf6 5. d5 g6 6. e5 Nxd5 7. Be4 Qc7 8. Nf3
Ne3 9. Qd3 Nf5 10. Bf4 Bxe4 11. Qxe4 Qc6 12. Qe2 Ng7 13. Nbd2 Ne6 14. Bg3 Qb7
15. h4 h5 16. O-O Bh6 17. Ne4 Nc6 18. Rfd1 O-O 1/2-1/2